Second handbook of psychological and social instruments (Record no. 908)

MARC details
000 -LEADER
fixed length control field 00468nam a2200157Ia 4500
020 ## - INTERNATIONAL STANDARD BOOK NUMBER
ISBN 81-7022-193-5
082 ## - DEWEY DECIMAL CLASSIFICATION NUMBER
Classification number RR 150.1943 SEC-
245 #0 - TITLE STATEMENT
Title Second handbook of psychological and social instruments
260 ## - PUBLICATION, DISTRIBUTION, ETC. (IMPRINT)
Place of publication New Delhi
Name of publisher Concept Publishing
Year of publication 1988
300 ## - PHYSICAL DESCRIPTION
Number of Pages ix, 408p.
504 ## - BIBLIOGRAPHY, ETC. NOTE
Bibliography, etc Includes index
650 ## - SUBJECT ADDED ENTRY--TOPICAL TERM
Topical Term Psychology - Handbooks, manuals, etc.
650 ## - SUBJECT ADDED ENTRY--TOPICAL TERM
Topical Term Behaviorism (Psychology) - Handbooks, manuals, etc.
700 ## - ADDED ENTRY--PERSONAL NAME
Personal name Pestonjee, D.M.
942 ## - ADDED ENTRY ELEMENTS (KOHA)
Koha item type Books
Holdings
Withdrawn status Lost status Damaged status Not for loan Home library Current library Date acquired Bill Date Full call number Accession Number Price effective from Koha item type
        NASSDOC Library NASSDOC Library 08/06/2004 2004-10-22 RR 150.1943 SEC- 27077 18/04/2019 Books
        NASSDOC Library NASSDOC Library 08/06/2004 2004-10-22 RR 150.1943 SEC- 27078 18/04/2019 Books